| 000 | 00794nam a2200205 4500 | ||
|---|---|---|---|
| 005 | 20230127143835.0 | ||
| 008 | 230127s2010 wiua|||gr|||| 00| 0 eng d | ||
| 020 | _a9781423495628 | ||
| 040 |
_aCO-BoUCM _bspa _cDeissy Garcia _dDeissy Garcia |
||
| 041 | 0 | _aeng | |
| 100 | 1 |
_9176622 _aFilichia, Peter |
|
| 245 | 1 | 0 |
_aBroadway musicals _bthe biggest hit and the biggest flop of the season, 1959 to 2009 _cPeter Filichia |
| 260 |
_aMilwaukee _bApplause Theatre & Cinema Books _c2010 |
||
| 300 | _axiii, 277 páginas | ||
| 504 | _aIncluye referencias bibliográficas | ||
| 650 |
_aMusicales _xHistoria y crítica _zNueva York _9176623 |
||
| 650 |
_xMusicales _zNueva York _y1959- 2009 _9176624 |
||
| 942 |
_2DEWEY _cLIBRO _a17 _e1 _h792.6097471 _mF482b _n0 |
||
| 999 |
_c322042 _d322042 |
||